000
00279nam a2200121Ia 4500
008
220216s9999 xx 000 0 und d
100
_a
Benny K K
245
0
_a
Idakkalaswasamaayi idavilakrishi
260
_b
Rubber
_c
2015
300
_a
21-22
650
_a
Intercrop
942
_c
BS
999
_c
48612
_d
48612